zpět

Detail výsledku týmu

Kozlovka, Hradec Králové

Datum a čas kvízu

23.5 Celkem bodů Celkový počet nahraných bodů na tomto kvízu bez doplňovacích otázek.
11. Pořadí na kvízu Konečné umístění týmu na tomto kvízu.

Zaznamenané odpovědi

# Otázka Odpověď Body Výsledky
1. V Klatovech se v rámci nadcház... A 0
2. Parlament kterého tichomořskéh... A 1
3. Prodejce langošů ve slovenském... chybějící diakritika (háčky a čárky) 0
4. Německý soud rozhodl, že potra... Milku 0
5. Na okruhu ležícím poblíž jedno... Most 0
6. Vítězné téma facebookového hla... 36 týmů 0
7. Ve kterých třech jazycích je s... angličtina, francouzština, němčina 0
8. Pokud budeme počítat i předchů... C 1
9. Ve finále v roce 2012 zaznamen... Petr Čech 1
10. Historicky nejlepšími střelci... Karim Benzema 0